<?xml version="1.0" encoding="UTF-8"?><?xml-stylesheet type="text/xsl" href="static/style.xsl"?><OAI-PMH xmlns="http://www.openarchives.org/OAI/2.0/" xmlns:xsi="http://www.w3.org/2001/XMLSchema-instance" xsi:schemaLocation="http://www.openarchives.org/OAI/2.0/ http://www.openarchives.org/OAI/2.0/OAI-PMH.xsd"><responseDate>2026-06-05T12:15:54Z</responseDate><request verb="GetRecord" identifier="oai:riuma.uma.es:10630/39801" metadataPrefix="marc">https://riuma.uma.es/rest/oai/request</request><GetRecord><record><header><identifier>oai:riuma.uma.es:10630/39801</identifier><datestamp>2026-02-03T11:27:55Z</datestamp><setSpec>com_10630_2254</setSpec><setSpec>col_10630_37953</setSpec></header><metadata><record xmlns="http://www.loc.gov/MARC21/slim" xmlns:dcterms="http://purl.org/dc/terms/" xmlns:doc="http://www.lyncode.com/xoai" xmlns:xsi="http://www.w3.org/2001/XMLSchema-instance" xsi:schemaLocation="http://www.loc.gov/MARC21/slim http://www.loc.gov/standards/marcxml/schema/MARC21slim.xsd">
   <leader>00925njm 22002777a 4500</leader>
   <datafield ind2=" " ind1=" " tag="042">
      <subfield code="a">dc</subfield>
   </datafield>
   <datafield ind2=" " ind1=" " tag="720">
      <subfield code="a">Mayorga-Fernández, María Josefa</subfield>
      <subfield code="e">author</subfield>
   </datafield>
   <datafield ind2=" " ind1=" " tag="720">
      <subfield code="a">Sepúlveda-Ruiz, María del Pilar</subfield>
      <subfield code="e">author</subfield>
   </datafield>
   <datafield ind2=" " ind1=" " tag="720">
      <subfield code="a">Guillén-Gámez, Francisco David</subfield>
      <subfield code="e">author</subfield>
   </datafield>
   <datafield ind2=" " ind1=" " tag="720">
      <subfield code="a">García Vila, Elena</subfield>
      <subfield code="e">author</subfield>
   </datafield>
   <datafield ind2=" " ind1=" " tag="260">
      <subfield code="c">2022-09-15</subfield>
   </datafield>
   <datafield ind2=" " ind1=" " tag="520">
      <subfield code="a">In order to know the level of emotional competence of future education teachers and evaluate the incidence that different personal and&#xd;
academic factors, we have used binary logistic regression and classification trees. Non-experimental design was carried out, with a&#xd;
sample of 359 students from the Faculties of Education of the University of Malaga and Almería. The results show that variables such as&#xd;
university access scores, the average mark of the first four-month period of the first year of the degree, the effort before the study, being&#xd;
a repeater, the choice of the degree as the first option and having siblings are significant predictors in the logistic model, where the last&#xd;
variable has the greatest determination capacity. Furthermore, in the segmentation tree it has been obtained that those students who&#xd;
do have siblings have a higher level of development of emotional competence, with a probability of 69.2% and if they have also chosen&#xd;
the degree as the first option, this percentage is increased to 75.9%. It can be concluded that it is essential to institutionally establish&#xd;
sufficient conditions so that teachers can detect the predictor variables and establish training strategies that allow increasing the level&#xd;
of development of the competence emotional.</subfield>
   </datafield>
   <datafield ind1="8" ind2=" " tag="024">
      <subfield code="a">García-Vila, E., Mayorga-Fernández, M. J., Guillén-Gámez, F. D., &amp; Sepúlveda-Ruiz, M. D. P. (2022). Prediction of emotional competence in future education teachers through a multiple logistic regression model and classification trees. Aula abierta, 51(3), 303-310. https://doi.org/10.17811/rifie.51.3.2022.303-310</subfield>
   </datafield>
   <datafield ind1="8" ind2=" " tag="024">
      <subfield code="a">https://hdl.handle.net/10630/39801</subfield>
   </datafield>
   <datafield ind1="8" ind2=" " tag="024">
      <subfield code="a">10.17811/rifie.51.3.2022.303-310</subfield>
   </datafield>
   <datafield tag="653" ind2=" " ind1=" ">
      <subfield code="a">Profesores - Formación profesional</subfield>
   </datafield>
   <datafield tag="653" ind2=" " ind1=" ">
      <subfield code="a">Investigación cuantitativa</subfield>
   </datafield>
   <datafield tag="653" ind2=" " ind1=" ">
      <subfield code="a">Inteligencia emocional</subfield>
   </datafield>
   <datafield ind2="0" ind1="0" tag="245">
      <subfield code="a">Prediction of emotional competence in future education teachers through a multiple logistic regression model and classification trees</subfield>
   </datafield>
</record>
</metadata></record></GetRecord></OAI-PMH>